Washington Wizards Top 10 Leaders - Statistics

General Stats
  • This quiz has been taken 535 times
    511 since last reset
  • The average score is 9 of 29
Answer Stats
Player % Correct
John Wall
96%
Bradley Beal
95%
Wes Unseld
85%
Elvin Hayes
75%
Gilbert Arenas
72%
Marcin Gortat
54%
Antawn Jamison
43%
Frank Johnson
43%
Gus Johnson
43%
Kevin Porter
37%
Charles Jones
31%
Manute Bol
31%
Jeff Malone
28%
Juwan Howard
26%
Caron Butler
24%
Rod Strickland
23%
Brendan Haywood
18%
Walt Bellamy
18%
Gheorghe Muresan
17%
Phil Chenier
16%
JaVale McGee
14%
Etan Thomas
11%
Jeff Ruland
10%
Darrell Walker
9%
Michael Adams
8%
Greg Ballard
6%
Pervis Ellison
5%
Rick Mahorn
5%
Kevin Loughery
4%
No matching quizzes found
Score Distribution
Percent of People with Each Score
Percentile by Number Answered
Your Score History
You have not taken this quiz since the last reset